<?xml version="1.0" encoding="UTF-8"?>
<record
    xmlns:xsi="http://www.w3.org/2001/XMLSchema-instance"
    xsi:schemaLocation="http://www.loc.gov/MARC21/slim http://www.loc.gov/standards/marcxml/schema/MARC21slim.xsd"
    xmlns="http://www.loc.gov/MARC21/slim">

  <leader>00671nam a2200217 a 4500</leader>
  <datafield tag="999" ind1=" " ind2=" ">
    <subfield code="c">23298</subfield>
    <subfield code="d">23298</subfield>
  </datafield>
  <controlfield tag="001">vtls008903730</controlfield>
  <controlfield tag="005">20220824083445.0</controlfield>
  <controlfield tag="008">061213s1994    xo                  cze d</controlfield>
  <datafield tag="020" ind1=" " ind2=" ">
    <subfield code="a">8020604561</subfield>
    <subfield code="c">301.00</subfield>
  </datafield>
  <datafield tag="035" ind1=" " ind2=" ">
    <subfield code="a">LMAOSK2060</subfield>
  </datafield>
  <datafield tag="040" ind1=" " ind2=" ">
    <subfield code="a">LMAOSK</subfield>
    <subfield code="b">slo</subfield>
    <subfield code="c">LMAOSK</subfield>
  </datafield>
  <datafield tag="041" ind1="1" ind2=" ">
    <subfield code="a">cze</subfield>
    <subfield code="h">eng</subfield>
  </datafield>
  <datafield tag="080" ind1=" " ind2=" ">
    <subfield code="a">355.318.2(44)</subfield>
  </datafield>
  <datafield tag="100" ind1="1" ind2=" ">
    <subfield code="a">MacDonald, Peter</subfield>
    <subfield code="9">3292</subfield>
  </datafield>
  <datafield tag="245" ind1="1" ind2=" ">
    <subfield code="a">Cizineck&#xE1; legie</subfield>
    <subfield code="c">Peter Macdonald</subfield>
  </datafield>
  <datafield tag="250" ind1=" " ind2=" ">
    <subfield code="a">1. vyd.</subfield>
  </datafield>
  <datafield tag="260" ind1=" " ind2=" ">
    <subfield code="a">Praha</subfield>
    <subfield code="b">Na&#x161;e vojsko</subfield>
    <subfield code="c">1994</subfield>
  </datafield>
  <datafield tag="300" ind1=" " ind2=" ">
    <subfield code="a">191 s.</subfield>
  </datafield>
  <datafield tag="610" ind1="1" ind2="7">
    <subfield code="a">Franc&#xFA;zsko.</subfield>
    <subfield code="b">Arm&#xE9;e.</subfield>
    <subfield code="b">L&#xE9;gion &#xE9;trang&#xE9;re</subfield>
    <subfield code="9">3293</subfield>
  </datafield>
  <datafield tag="952" ind1=" " ind2=" ">
    <subfield code="0">0</subfield>
    <subfield code="1">0</subfield>
    <subfield code="2">udc</subfield>
    <subfield code="4">0</subfield>
    <subfield code="7">0</subfield>
    <subfield code="8">D</subfield>
    <subfield code="a">10000</subfield>
    <subfield code="b">10000</subfield>
    <subfield code="d">2022-08-24</subfield>
    <subfield code="i">21631</subfield>
    <subfield code="l">4</subfield>
    <subfield code="o">S1535</subfield>
    <subfield code="p">S1535</subfield>
    <subfield code="r">2026-04-21</subfield>
    <subfield code="s">2026-02-18</subfield>
    <subfield code="w">2022-08-24</subfield>
    <subfield code="y">OLDO</subfield>
  </datafield>
</record>
